Investment
| Main Author: | |
|---|---|
| Format: | Book |
| Published: |
New Jersey :
Prentice-Hall International, Inc. ,
1990
|
| Edition: | 4th ed |
| Subjects: |
MARC
| LEADER | 00000cam a2200000 7i4500 | ||
|---|---|---|---|
| 001 | 0000030312 | ||
| 002 | 000032713 | ||
| 005 | 20090107.0 | ||
| 020 | |a 0134775554 | ||
| 090 | 0 | 0 | |a 332.6 |b SHA |
| 100 | 1 | |a Sharpe, William F | |
| 245 | 1 | 0 | |a Investment |c William F. Sharpe,Gordon J. Alexander |
| 250 | |a 4th ed | ||
| 260 | |a New Jersey : |b Prentice-Hall International, Inc. , |c 1990 | ||
| 300 | |a 833p. ; |c 24cm. | ||
| 650 | 0 | 0 | |a Investments |
| 650 | 0 | 0 | |a Investments analysis |
| 999 | |a 019307 |b BUKU |c PINJAMAN |e PERPUSTAKAAN KOMUNITI PETALING JAYA | ||